Catalog

Record Details

Catalog Search



František z Assisi  Cover Image Book Book

František z Assisi / Franco Cardini ; [z italského originálu ... přeložil Vítězslav Pavlík]

Record details

  • ISBN: 80-7021-290-X
  • ISBN: 80-7113-229-2
  • Physical Description: 231 s. ; 21 cm
  • Edition: Vyd. 1.
  • Publisher: Praha : Vyšehrad : 1998

Content descriptions

Bibliography, etc. Note:
Obsahuje bibliografii
Subject: František z Assisi, svatý, 1182-1226
františkáni > Itálie > 13. století
Genre: biografie

Available copies

  • 1 of 1 copy available at Common Catalog SPOK.

Holds

  • 0 current holds with 1 total copy.
Show Only Available Copies
Location Call Number / Copy Notes Barcode Shelving Location Status Due Date
Jabok Library CD-8.13.2/C 424480004905 Odborná literatura Available -

LDR 01416nam a2200397 a 4500
0013409
003CZ-PrJAB
00520160302163320.0
007tu
008981008s1998 xr e 000 mbcze
015 . ‡acnb000388835
020 . ‡a80-7021-290-X ‡q(Vyšehrad ; ‡qbrož.)
020 . ‡a80-7113-229-2 ‡q(Zvon ; ‡qbrož.) : ‡cKč 148,00
035 . ‡a(CZ PrNK)cpk19980388835
035 . ‡a(OCoLC)41047212
040 . ‡aABA001 ‡bcze
0411 . ‡acze ‡hita
043 . ‡ae-it---
045 . ‡ap8q2
072 7. ‡a27 ‡xKřesťanství. Křesťanská církev všeobecně. Eklesiologie ‡2Konspekt ‡95
080 . ‡a23/28 ‡2undef
080 . ‡a929 ‡2undef
1001 . ‡aCardini, Franco, ‡d1940- ‡7jn19990001326 ‡4aut
24510. ‡aFrantišek z Assisi / ‡cFranco Cardini ; [z italského originálu ... přeložil Vítězslav Pavlík]
250 . ‡aVyd. 1.
260 . ‡aPraha : ‡bVyšehrad : ‡bZvon, ‡c1998
300 . ‡a231 s. ; ‡c21 cm
504 . ‡aObsahuje bibliografii
60007. ‡aFrantišek z Assisi, ‡csvatý, ‡d1182-1226 ‡7jn19990210221 ‡2czenas
648 7. ‡a13. století ‡7ch460551 ‡2czenas
65007. ‡afrantiškáni ‡7ph120384 ‡zItálie ‡y13. století ‡2czenas
655 7. ‡abiografie ‡7fd131909 ‡2czenas
7001 . ‡aPavlík, Vítězslav ‡7xx0177785 ‡4trl
7650 . ‡tFrancesco d'Assisi ‡9Česky
910 . ‡aABG312
901 . ‡a3409 ‡bUnknown ‡c3409 ‡tbiblio

Additional Resources